[Event "Florianopolis op"]
[Site "Florianopolis"]
[Date "2015.01.16"]
[Round "5"]
[White "Rodriguez Vila, Andres"]
[Black "Delgado Ramirez, Neuris"]
[Result "1/2-1/2"]
[WhiteElo "2444"]
[BlackElo "2604"]
[PlyCount "109"]
[EventDate "2015.01.14"]
[EventType "swiss"]
[EventRounds "10"]
[EventCountry "BRA"]
[SourceTitle "CBM 164 Extra"]
[Source "ChessBase"]
[SourceDate "2015.03.02"]
[SourceVersion "1"]
[SourceVersionDate "2015.03.02"]
[SourceQuality "1"]

1. e4 c5 2. Nc3 Nc6 3. Nge2 g6 4. d4 cxd4 5. Nxd4 Bg7 6. Nb3 d6 7. Be2 Nf6 8.
Be3 O-O 9. f4 b6 10. O-O Bb7 11. Bf3 Nd7 12. Qe1 Rc8 13. Rd1 Nb4 14. Rf2 Qc7
15. Nd4 Qb8 16. Nd5 Bxd5 17. exd5 Bxd4 18. Bxd4 Nxc2 19. Qxe7 Nxd4 20. Rxd4 Qc7
21. Re4 b5 22. g3 Nc5 23. Re3 Qxe7 24. Rxe7 a5 25. Be2 b4 26. Bb5 f5 27. Rfe2
Rf7 28. Re8+ Rxe8 29. Rxe8+ Rf8 30. Re2 Kf7 31. Kg2 h5 32. Kf3 Ne4 33. Rc2 Nc5
34. Rd2 Rc8 35. Bc6 Rh8 36. h4 Rc8 37. Re2 Rc7 38. Be8+ Kf6 39. Bc6 Re7 40.
Rxe7 Kxe7 41. Ke3 Ne4 42. Bb5 Kd8 43. Bd3 Nf6 44. Kd4 Kc7 45. Bb5 Kb6 46. Kc4
Kc7 47. Bc6 Kb6 48. Kb3 Ng8 49. Be8 Ne7 50. Bf7 Kb5 51. Be8+ Kb6 52. Kc4 Ka6
53. Kd4 Kb6 54. Kc4 Ka6 55. Kd4 1/2-1/2

[Event "Florianopolis op"]
[Site "Florianopolis"]
[Date "2015.01.16"]
[Round "6"]
[White "Delgado Ramirez, Neuris"]
[Black "Bachmann, Axel"]
[Result "1/2-1/2"]
[WhiteElo "2604"]
[BlackElo "2629"]
[PlyCount "123"]
[EventDate "2015.01.14"]
[EventType "swiss"]
[EventRounds "10"]
[EventCountry "BRA"]
[SourceTitle "CBM 164 Extra"]
[Source "ChessBase"]
[SourceDate "2015.03.02"]
[SourceVersion "1"]
[SourceVersionDate "2015.03.02"]
[SourceQuality "1"]

1. e4 c5 2. Nf3 e6 3. b3 Nc6 4. Bb2 Nf6 5. e5 Nd5 6. g3 Nde7 7. Bg2 d5 8. exd6
Nf5 9. Na3 Bxd6 10. Nc4 Be7 11. a4 O-O 12. a5 Rb8 13. O-O f6 14. Ne1 Qc7 15.
Nd3 b5 16. axb6 axb6 17. Nf4 Nb4 18. Ne3 Nh6 19. c3 Nc6 20. d4 Bd6 21. Nxe6
Bxe6 22. d5 Bd7 23. dxc6 Bxc6 24. Nd5 Qb7 25. c4 Kh8 26. Re1 Nf5 27. Qd3 Nd4
28. Rad1 Be5 29. f4 Nf3+ 30. Bxf3 Bxb2 31. Re7 Bd4+ 32. Kh1 Qc8 33. Rde1 Rb7
34. R7e6 b5 35. Ne7 Bxf3+ 36. Qxf3 Qa8 37. Nd5 bxc4 38. bxc4 Rb2 39. R6e2 Rxe2
40. Qxe2 Rb8 41. g4 Qc6 42. Qe4 Qd7 43. g5 fxg5 44. fxg5 Rf8 45. Nf4 Kg8 46. g6
hxg6 47. Nxg6 Rf6 48. Ne7+ Kf7 49. Nd5 Rf5 50. Rb1 Re5 51. Qg2 Kf8 52. Rf1+ Rf5
53. Nf4 Kg8 54. Nd5 Rxf1+ 55. Qxf1 Qg4 56. Nf4 Be5 57. Ng2 Qh3 58. Qg1 Kh8 59.
Ne1 Qh4 60. Nf3 Qe4 61. Qf1 Bf6 62. h3 1/2-1/2

[Event "Florianopolis op"]
[Site "Florianopolis"]
[Date "2015.01.17"]
[Round "7"]
[White "Menna Barreto, Felipe Kubiaki"]
[Black "Delgado Ramirez, Neuris"]
[Result "1/2-1/2"]
[WhiteElo "2247"]
[BlackElo "2604"]
[PlyCount "68"]
[EventDate "2015.01.14"]
[EventType "swiss"]
[EventRounds "10"]
[EventCountry "BRA"]
[SourceTitle "CBM 164 Extra"]
[Source "ChessBase"]
[SourceDate "2015.03.02"]
[SourceVersion "1"]
[SourceVersionDate "2015.03.02"]
[SourceQuality "1"]

1. Nf3 Nf6 2. c4 e6 3. b3 g6 4. Bb2 Bg7 5. g3 O-O 6. Bg2 d5 7. O-O b6 8. Nc3
Bb7 9. cxd5 exd5 10. d4 c5 11. Rc1 Na6 12. e3 Qe7 13. Qc2 Rfd8 14. Rfd1 Ne4 15.
dxc5 bxc5 16. a3 Nf6 17. Na4 Rac8 18. Qb1 Bc6 19. Ne5 Bxa4 20. bxa4 Qe6 21. Nd3
g5 22. Qa2 h6 23. Bxf6 Bxf6 24. Ne1 c4 25. Qd2 d4 26. exd4 Rxd4 27. Qc2 Rxd1
28. Rxd1 c3 29. Bd5 Qe7 30. Qg6+ Kf8 31. Qxh6+ Kg8 32. Qg6+ Kf8 33. Qh6+ Kg8
34. Qg6+ Kf8 1/2-1/2

[Event "Florianopolis op"]
[Site "Florianopolis"]
[Date "2015.01.17"]
[Round "8"]
[White "Delgado Ramirez, Neuris"]
[Black "Dejeanne, Francisco Horacio"]
[Result "1-0"]
[WhiteElo "2604"]
[BlackElo "2240"]
[PlyCount "57"]
[EventDate "2015.01.14"]
[EventType "swiss"]
[EventRounds "10"]
[EventCountry "BRA"]
[SourceTitle "CBM 164 Extra"]
[Source "ChessBase"]
[SourceDate "2015.03.02"]
[SourceVersion "1"]
[SourceVersionDate "2015.03.02"]
[SourceQuality "1"]

1. e4 e6 2. d4 d5 3. Nd2 c5 4. Ngf3 cxd4 5. Nxd4 Nc6 6. Bb5 Bd7 7. Bxc6 bxc6 8.
O-O c5 9. N4f3 Bd6 10. c4 d4 11. e5 Bf8 12. Ne4 Bc6 13. Qd3 a5 14. Bf4 h5 15.
Rfe1 Bxe4 16. Qxe4 Ne7 17. Ng5 Ra7 18. Bd2 Qa8 19. Qd3 Nf5 20. Qh3 Ne7 21. Ne4
Nc6 22. f4 Nb4 23. Bxb4 axb4 24. f5 Rh6 25. a3 Ra4 26. Qf3 bxa3 27. Rxa3 Rxa3
28. bxa3 Qc8 29. f6 1-0

[Event "Florianopolis op"]
[Site "Florianopolis"]
[Date "2015.01.18"]
[Round "9"]
[White "Delgado Ramirez, Neuris"]
[Black "Molina, Roberto Junio Brito"]
[Result "1/2-1/2"]
[WhiteElo "2604"]
[BlackElo "2408"]
[PlyCount "103"]
[EventDate "2015.01.14"]
[EventType "swiss"]
[EventRounds "10"]
[EventCountry "BRA"]
[SourceTitle "CBM 164 Extra"]
[Source "ChessBase"]
[SourceDate "2015.03.02"]
[SourceVersion "1"]
[SourceVersionDate "2015.03.02"]
[SourceQuality "1"]

1. e4 c5 2. b3 d5 3. exd5 Qxd5 4. Nc3 Qd6 5. Nf3 Nf6 6. Bb5+ Nbd7 7. Qe2 e6 8.
Bb2 a6 9. Bd3 Be7 10. Ng5 Qe5 11. Nge4 Nxe4 12. Bxe4 f5 13. Bd3 Bf6 14. f4
Qxe2+ 15. Bxe2 b6 16. Bf3 Rb8 17. O-O-O Bb7 18. Bxb7 Rxb7 19. Na4 b5 20. Bxf6
gxf6 21. Nc3 Kf7 22. Rde1 Rg8 23. Re2 Rb6 24. Rf1 Rg6 25. Rf3 Rd6 26. Nd1 Rh6
27. g3 Rg6 28. Ne3 Rg8 29. Ng2 Rd8 30. Nh4 Nb8 31. Rc3 Rd5 32. Rce3 R5d6 33.
Nf3 Nc6 34. c3 Rc8 35. Ne1 Ne7 36. Rd3 Rxd3 37. Nxd3 h5 38. c4 Nc6 39. Kb2 Nd4
40. Rf2 b4 41. Rf1 Ke7 42. a3 bxa3+ 43. Kxa3 Kd6 44. b4 Nc2+ 45. Ka4 cxb4 46.
Kb3 Nd4+ 47. Kxb4 Rb8+ 48. Kc3 Ne2+ 49. Kc2 Nd4+ 50. Kc3 Ne2+ 51. Kc2 Nd4+ 52.
Kc3 1/2-1/2

[Event "Florianopolis op"]
[Site "Florianopolis"]
[Date "2015.01.18"]
[Round "10"]
[White "Stamenkovic, Dragan"]
[Black "Delgado Ramirez, Neuris"]
[Result "1/2-1/2"]
[WhiteElo "2409"]
[BlackElo "2604"]
[PlyCount "88"]
[EventDate "2015.01.14"]
[EventType "swiss"]
[EventRounds "10"]
[EventCountry "BRA"]
[SourceTitle "CBM 164 Extra"]
[Source "ChessBase"]
[SourceDate "2015.03.02"]
[SourceVersion "1"]
[SourceVersionDate "2015.03.02"]
[SourceQuality "1"]

1. d4 Nf6 2. Bg5 e6 3. e4 c5 4. e5 h6 5. Bc1 Nh7 6. c3 cxd4 7. cxd4 d6 8. Nf3
Nc6 9. Bb5 Bd7 10. Nc3 Ng5 11. Nxg5 hxg5 12. exd6 Bxd6 13. Be3 a6 14. Be2 Nb4
15. Qd2 Bc6 16. a3 Nd5 17. Nxd5 Bxd5 18. Bxg5 Qb6 19. Kf1 f6 20. Be3 O-O-O 21.
h3 g5 22. Rc1+ Kb8 23. Bc4 Bxc4+ 24. Rxc4 Qb5 25. Qe2 Qd5 26. f3 Bg3 27. Bf2
Bf4 28. Rc5 Qa2 29. g3 Bd6 30. Rc1 Rc8 31. Re1 Rce8 32. Kg2 f5 33. Rc1 g4 34.
hxg4 fxg4 35. fxg4 Rhf8 36. Rhe1 Rf7 37. Rc2 Qb3 38. Rc3 Qd5+ 39. Qe4 Ref8 40.
Bg1 Qb5 41. Qe2 Qd5+ 42. Qe4 Qa2 43. Qb1 Qd5+ 44. Qe4 Qa2 1/2-1/2

[Event "Florianopolis Masters"]
[Site "Florianopolis"]
[Date "2015.01.19"]
[Round "1"]
[White "Rodriguez Vila, Andres"]
[Black "Delgado Ramirez, Neuris"]
[Result "1/2-1/2"]
[WhiteElo "2444"]
[BlackElo "2604"]
[PlyCount "60"]
[EventDate "2015.01.19"]
[EventType "tourn"]
[EventRounds "9"]
[EventCountry "BRA"]
[EventCategory "7"]
[SourceTitle "CBM 164 Extra"]
[Source "ChessBase"]
[SourceDate "2015.03.02"]
[SourceVersion "1"]
[SourceVersionDate "2015.03.02"]
[SourceQuality "1"]

1. e4 c5 2. Nf3 d6 3. d4 cxd4 4. Nxd4 Nf6 5. f3 e5 6. Bb5+ Nbd7 7. Nf5 d5 8.
exd5 a6 9. Ba4 b5 10. Bb3 Nc5 11. Ne3 Nxb3 12. axb3 Nh5 13. g3 Bc5 14. Nc3 f5
15. d6 Be6 16. Nxf5 Bxf5 17. Qd5 Bxd6 18. Bg5 Qxg5 19. Qxa8+ Kf7 20. Qd5+ Be6
21. Qxd6 Rd8 22. f4 Nxf4 23. Qc6 Qh5 24. h3 Bd5 25. Qc7+ Ke8 26. Rh2 Ng2+ 27.
Rxg2 Bxg2 28. Qxg7 Qf5 29. Qg8+ Ke7 30. Qg7+ Ke8 1/2-1/2

[Event "Florianopolis Masters"]
[Site "Florianopolis"]
[Date "2015.01.20"]
[Round "2"]
[White "Delgado Ramirez, Neuris"]
[Black "Quintiliano Pinto, Renato Rodrigues"]
[Result "1-0"]
[WhiteElo "2604"]
[BlackElo "2364"]
[PlyCount "107"]
[EventDate "2015.01.19"]
[EventType "tourn"]
[EventRounds "9"]
[EventCountry "BRA"]
[EventCategory "7"]
[SourceTitle "CBM 164 Extra"]
[Source "ChessBase"]
[SourceDate "2015.03.02"]
[SourceVersion "1"]
[SourceVersionDate "2015.03.02"]
[SourceQuality "1"]

1. e4 c5 2. Nf3 d6 3. b3 Nf6 4. Bb5+ Bd7 5. Bxd7+ Qxd7 6. Qe2 Nc6 7. Bb2 e6 8.
d3 Be7 9. Nbd2 O-O 10. h3 Rac8 11. O-O b5 12. c4 a6 13. Rfd1 e5 14. Nh2 g6 15.
Ndf1 Ne8 16. Ne3 Nc7 17. Rf1 Nd4 18. Bxd4 cxd4 19. Nc2 bxc4 20. dxc4 f5 21. Nb4
fxe4 22. Qxe4 d5 23. Nxd5 Nxd5 24. cxd5 Qf5 25. Rae1 Bb4 26. Qxf5 Rxf5 27. Re4
Bd6 28. g4 Rf7 29. Kg2 Rc3 30. Rfe1 d3 31. Rd1 Bc5 32. Nf3 Rc2 33. Rxd3 Rxf2+
34. Kg3 Rxa2 35. h4 Bd6 36. g5 Rc2 37. Kh3 Rf5 38. Nd2 Kf7 39. Ra4 Ke7 40. Ne4
Rf4 41. Re3 Kd7 42. Rxa6 Bc5 43. Nxc5+ Rxc5 44. Ra7+ Kd6 45. Rxh7 Kxd5 46. Rd7+
Ke6 47. Rg7 Rc1 48. Rxg6+ Kd5 49. Rh6 Kd4 50. Rg3 e4 51. g6 e3 52. g7 e2 53.
Rd6+ Ke5 54. Re6+ 1-0

[Event "Florianopolis Masters"]
[Site "Florianopolis"]
[Date "2015.01.20"]
[Round "3"]
[White "Cubas, Jose Fernando"]
[Black "Delgado Ramirez, Neuris"]
[Result "1/2-1/2"]
[WhiteElo "2459"]
[BlackElo "2604"]
[PlyCount "76"]
[EventDate "2015.01.19"]
[EventType "tourn"]
[EventRounds "9"]
[EventCountry "BRA"]
[EventCategory "7"]
[SourceTitle "CBM 164 Extra"]
[Source "ChessBase"]
[SourceDate "2015.03.02"]
[SourceVersion "1"]
[SourceVersionDate "2015.03.02"]
[SourceQuality "1"]

1. e4 c5 2. Nf3 g6 3. d4 cxd4 4. Nxd4 Bg7 5. Nc3 Nc6 6. Be3 Nf6 7. Bc4 O-O 8.
Bb3 e6 9. f4 d6 10. Qf3 a6 11. O-O-O Qc7 12. g4 Nxd4 13. Bxd4 e5 14. fxe5 dxe5
15. Qg3 Qe7 16. Qxe5 Qxe5 17. Bxe5 Nxg4 18. Bd6 Rd8 19. Bc5 Rxd1+ 20. Rxd1 Be6
21. Nd5 Be5 22. h3 Nf6 23. Nxf6+ Bxf6 24. Bxe6 Bg5+ 25. Kb1 fxe6 26. a4 Rd8 27.
Rxd8+ Bxd8 28. b4 Kf7 29. c4 Be7 30. Bxe7 Kxe7 31. c5 g5 32. Kc2 h5 33. Kd3 Kd7
34. b5 axb5 35. axb5 e5 36. Ke3 b6 37. c6+ Kd6 38. h4 g4 1/2-1/2

[Event "Florianopolis Masters"]
[Site "Florianopolis"]
[Date "2015.01.21"]
[Round "4"]
[White "Delgado Ramirez, Neuris"]
[Black "Molina, Roberto Junio Brito"]
[Result "1/2-1/2"]
[WhiteElo "2604"]
[BlackElo "2408"]
[PlyCount "136"]
[EventDate "2015.01.19"]
[EventType "tourn"]
[EventRounds "9"]
[EventCountry "BRA"]
[EventCategory "7"]
[SourceTitle "CBM 164 Extra"]
[Source "ChessBase"]
[SourceDate "2015.03.02"]
[SourceVersion "1"]
[SourceVersionDate "2015.03.02"]
[SourceQuality "1"]

1. e4 c5 2. Nf3 e6 3. Nc3 a6 4. d4 cxd4 5. Nxd4 Qc7 6. Qf3 Nc6 7. Nxc6 dxc6 8.
Be2 Nf6 9. a4 b6 10. e5 Nd5 11. Qg3 Nxc3 12. Qxc3 Bb7 13. O-O c5 14. Bf3 Be7
15. Bxb7 Qxb7 16. Qg3 g6 17. Bh6 O-O-O 18. Ra3 Rd7 19. Rf3 Bd8 20. Rf4 Bc7 21.
Bg7 Rg8 22. Bf6 Bd8 23. Rh4 Bxf6 24. exf6 Rh8 25. b4 Rc7 26. bxc5 Rxc5 27. Qb3
Qc6 28. Rb4 Kc7 29. Rd1 Rd5 30. Re1 Rhd8 31. c4 Rd3 32. Qb1 Qc5 33. h3 Rd1 34.
Rxd1 Rxd1+ 35. Qxd1 Qxb4 36. Qc2 Qe1+ 37. Kh2 Qe5+ 38. g3 Qxf6 39. c5 Qd4 40.
cxb6+ Kxb6 41. Kg1 h5 42. Qc8 Qd1+ 43. Kh2 Qd6 44. Qc3 Qc5 45. Qf6 Qc7 46. Qg5
e5 47. Qd2 Qc4 48. Qd8+ Kc5 49. Qe7+ Kd4 50. Qd6+ Ke4 51. Qb6 Qe6 52. a5 Kf5
53. Qd8 Qc4 54. Qd7+ Kf6 55. Qd6+ Qe6 56. Qb6 Kg7 57. h4 Kf6 58. Qd8+ Kg7 59.
Qb6 Qf6 60. Kg2 e4 61. Kh2 Qf3 62. Qd4+ Kh7 63. Qa7 Kg7 64. Qd4+ f6 65. Qa7+
Kh6 66. Qc5 g5 67. Qf8+ Kg6 68. Qg8+ Kf5 1/2-1/2

[Event "Florianopolis Masters"]
[Site "Florianopolis"]
[Date "2015.01.22"]
[Round "5"]
[White "Disconzi da Silva, Rodrigo"]
[Black "Delgado Ramirez, Neuris"]
[Result "0-1"]
[WhiteElo "2362"]
[BlackElo "2604"]
[PlyCount "62"]
[EventDate "2015.01.19"]
[EventType "tourn"]
[EventRounds "9"]
[EventCountry "BRA"]
[EventCategory "7"]
[SourceTitle "CBM 164 Extra"]
[Source "ChessBase"]
[SourceDate "2015.03.02"]
[SourceVersion "1"]
[SourceVersionDate "2015.03.02"]
[SourceQuality "1"]

1. Nf3 Nf6 2. g3 b5 3. Bg2 Bb7 4. O-O e6 5. d3 c5 6. c3 Nc6 7. a4 b4 8. e4 d6
9. a5 Rc8 10. Qa4 Qd7 11. a6 Ba8 12. Nbd2 Be7 13. Nc4 O-O 14. Bd2 d5 15. exd5
Nxd5 16. Rfd1 Bf6 17. Rac1 h6 18. d4 Qe7 19. cxb4 cxb4 20. Be1 Rfd8 21. Na5
Nxd4 22. Nxd4 Rxc1 23. Rxc1 Bxd4 24. Nc6 Bxc6 25. Rxc6 Bxb2 26. Bxd5 exd5 27.
Qxb4 Qe5 28. Bd2 Bd4 29. Bf4 Qe4 30. Qd2 Re8 31. Rd6 Qf3 0-1

[Event "Florianopolis Masters"]
[Site "Florianopolis"]
[Date "2015.01.22"]
[Round "6"]
[White "Paveto, Kevin"]
[Black "Delgado Ramirez, Neuris"]
[Result "1/2-1/2"]
[WhiteElo "2437"]
[BlackElo "2604"]
[PlyCount "136"]
[EventDate "2015.01.19"]
[EventType "tourn"]
[EventRounds "9"]
[EventCountry "BRA"]
[EventCategory "7"]
[SourceTitle "CBM 164 Extra"]
[Source "ChessBase"]
[SourceDate "2015.03.02"]
[SourceVersion "1"]
[SourceVersionDate "2015.03.02"]
[SourceQuality "1"]

1. e4 c5 2. Nf3 d6 3. d4 cxd4 4. Nxd4 Nf6 5. Nc3 a6 6. h3 e5 7. Nb3 Be6 8. f4
exf4 9. Bxf4 Nc6 10. Qe2 Nd7 11. O-O-O Nde5 12. Nd5 Be7 13. Kb1 O-O 14. Qd2 Bf6
15. g4 Bh4 16. Be2 b5 17. Nb4 Nxb4 18. Qxb4 Be7 19. Nd4 g6 20. Nxe6 fxe6 21.
Bxe5 dxe5 22. Qb3 Qc8 23. g5 Bxg5 24. Bg4 Kh8 25. h4 Bf4 26. h5 gxh5 27. Bxe6
Qe8 28. Qh3 Rf6 29. Bf5 Rd8 30. Qxh5 Rxd1+ 31. Qxd1 h6 32. a3 Qe7 33. Qd5 Rd6
34. Qa8+ Kg7 35. Rg1+ Bg5 36. Qc8 a5 37. Qa8 Qc7 38. Qe8 Rd2 39. Qxb5 Rxc2 40.
Rd1 Rc1+ 41. Rxc1 Qxc1+ 42. Ka2 Qc7 43. Be6 h5 44. Qe8 Qe7 45. Qg8+ Kf6 46. Bc4
h4 47. Qc8 Kg7 48. Kb3 Qf8 49. Qd7+ Kh6 50. Ka4 Qf3 51. Qc6+ Bf6 52. Be6 Kg5
53. Qc1+ Qf4 54. Qg1+ Qg3 55. Qc1+ Qf4 56. Qe1 Qh2 57. Qe3+ Qf4 58. Qe2 Bd8 59.
Qg2+ Kh6 60. Bf5 Qg5 61. Qh2 Qc1 62. Qxe5 Qc4+ 63. b4 Qc6+ 64. Kb3 a4+ 65. Ka2
Qc4+ 66. Ka1 Qc1+ 67. Ka2 Qc4+ 68. Ka1 Qc1+ 1/2-1/2

[Event "Florianopolis Masters"]
[Site "Florianopolis"]
[Date "2015.01.23"]
[Round "7"]
[White "Delgado Ramirez, Neuris"]
[Black "Feliciano Ebert, Vanessa"]
[Result "1-0"]
[WhiteElo "2604"]
[BlackElo "2290"]
[PlyCount "65"]
[EventDate "2015.01.19"]
[EventType "tourn"]
[EventRounds "9"]
[EventCountry "BRA"]
[EventCategory "7"]
[SourceTitle "CBM 164 Extra"]
[Source "ChessBase"]
[SourceDate "2015.03.02"]
[SourceVersion "1"]
[SourceVersionDate "2015.03.02"]
[SourceQuality "1"]

1. e4 c5 2. Nf3 Nc6 3. Bb5 g6 4. c3 Nf6 5. Qe2 Bg7 6. O-O O-O 7. Rd1 d6 8. d4
cxd4 9. cxd4 Bg4 10. Nc3 Nd7 11. Be3 a6 12. Bxc6 bxc6 13. h3 Bxf3 14. Qxf3 Rb8
15. Qe2 Qa5 16. Rac1 Rfc8 17. b3 Kf8 18. e5 dxe5 19. dxe5 Nxe5 20. Na4 c5 21.
Bxc5 Bf6 22. Rd5 Kg8 23. Rxe5 Bxe5 24. Qxe5 Re8 25. Nc3 f6 26. Qe6+ Kg7 27.
Bxe7 Qe5 28. Qxe5 fxe5 29. Bc5 Rbd8 30. Ne4 Re6 31. Be3 Rde8 32. Rc7+ R6e7 33.
Nd6 1-0

[Event "Florianopolis Masters"]
[Site "Florianopolis"]
[Date "2015.01.24"]
[Round "8"]
[White "Barbosa, Evandro Amorim"]
[Black "Delgado Ramirez, Neuris"]
[Result "1/2-1/2"]
[WhiteElo "2449"]
[BlackElo "2604"]
[PlyCount "130"]
[EventDate "2015.01.19"]
[EventType "tourn"]
[EventRounds "9"]
[EventCountry "BRA"]
[EventCategory "7"]
[SourceTitle "CBM 164 Extra"]
[Source "ChessBase"]
[SourceDate "2015.03.02"]
[SourceVersion "1"]
[SourceVersionDate "2015.03.02"]
[SourceQuality "1"]

1. e4 c5 2. Nf3 d6 3. d4 cxd4 4. Nxd4 Nf6 5. Nc3 a6 6. h3 e6 7. g4 b5 8. Bg2
Bb7 9. O-O Nfd7 10. Re1 Nc6 11. Nxc6 Bxc6 12. a4 Be7 13. axb5 axb5 14. Rxa8
Qxa8 15. Qe2 Qb7 16. Nd5 Nc5 17. Bd2 Bd8 18. Nb4 Bd7 19. Be3 Qc8 20. Qd2 Nb7
21. Ra1 O-O 22. Ra7 Ba5 23. c3 Bc7 24. Na6 Bd8 25. c4 Be7 26. e5 Bc6 27. cxb5
Bxg2 28. Kxg2 Qc4 29. exd6 Bxd6 30. Rxb7 Qe4+ 31. Kg1 Qxb7 32. Qxd6 Qxb5 33.
Bd4 Qb3 34. Nc5 Qxh3 35. Qf4 Rd8 36. f3 Qh4 37. Qe5 f6 38. Qxe6+ Kh8 39. Kg2 h5
40. Bf2 Rd2 41. Ne4 Rxb2 42. Qc8+ Kh7 43. Qc3 Ra2 44. Qb3 Rxf2+ 45. Nxf2 hxg4
46. Nxg4 f5 47. Nf2 Qg5+ 48. Kf1 Qd2 49. Qd3 Qc1+ 50. Ke2 Qb2+ 51. Ke1 Qe5+ 52.
Kf1 g5 53. Kg2 Kg7 54. Qd2 Kg6 55. Nd3 Qe7 56. Qe1 Qxe1 57. Nxe1 Kf6 58. Kf2
Kg6 59. Nd3 Kh5 60. Kg3 Kg6 61. Nb4 Kf6 62. Kf2 Ke5 63. Nd3+ Kd4 64. Ke2 g4 65.
fxg4 fxg4 1/2-1/2

[Event "Florianopolis Masters"]
[Site "Florianopolis"]
[Date "2015.01.24"]
[Round "9"]
[White "Delgado Ramirez, Neuris"]
[Black "Stamenkovic, Dragan"]
[Result "1-0"]
[WhiteElo "2604"]
[BlackElo "2409"]
[PlyCount "103"]
[EventDate "2015.01.19"]
[EventType "tourn"]
[EventRounds "9"]
[EventCountry "BRA"]
[EventCategory "7"]
[SourceTitle "CBM 164 Extra"]
[Source "ChessBase"]
[SourceDate "2015.03.02"]
[SourceVersion "1"]
[SourceVersionDate "2015.03.02"]
[SourceQuality "1"]

1. e4 c5 2. Nf3 g6 3. Bc4 Bg7 4. c3 e6 5. d4 cxd4 6. Nxd4 d5 7. exd5 exd5 8.
Bb5+ Bd7 9. O-O Ne7 10. Bxd7+ Qxd7 11. Be3 Nbc6 12. Na3 O-O 13. Nac2 Rfe8 14.
Qd2 Ne5 15. Rad1 Rad8 16. Qc1 Nc4 17. Bg5 Rc8 18. Bxe7 Qxe7 19. Nf3 Qc5 20.
Nfd4 Qb6 21. Nb4 a5 22. Nxd5 Qxb2 23. Qf4 Nb6 24. Ne3 Be5 25. Qh4 Qxc3 26. Ng4
h5 27. Nxe5 Rxe5 28. Nf3 Ree8 29. Qf4 Rc4 30. Qh6 Rcc8 31. Rb1 Nd5 32. Rxb7 Re7
33. Rbb1 Rec7 34. Rbe1 Ne7 35. Ne5 Nf5 36. Qg5 Kg7 37. Nxg6 fxg6 38. Re6 Ne7
39. Rxe7+ Rxe7 40. Qxe7+ Kh6 41. h4 Qc5 42. Qe2 Qd4 43. g3 Rb8 44. Rd1 Rb2 45.
Qe1 Qc5 46. a4 Rc2 47. Rb1 Qc6 48. Qxa5 Qf6 49. Qa7 Qc3 50. Qf7 Qc6 51. Kh2 Qc4
52. Qf8+ 1-0

[Event "Paulista-chTB"]
[Site "Sao Paulo"]
[Date "2015.02.28"]
[Round "2.2"]
[White "Stamenkovic, Dragan"]
[Black "Delgado Ramirez, Neuris"]
[Result "0-1"]
[WhiteElo "2367"]
[BlackElo "2557"]
[PlyCount "146"]
[EventDate "2015.02.28"]
[EventType "team-tourn"]
[EventRounds "7"]
[EventCountry "BRA"]
[SourceTitle "EXT 2017"]
[Source "ChessBase"]
[SourceDate "2016.10.25"]
[SourceVersion "1"]
[SourceVersionDate "2016.10.25"]
[SourceQuality "1"]
[WhiteTeam "Rio Preto SMEL"]
[BlackTeam "Sao Jose CDR-FIP"]
[WhiteTeamCountry "BRA"]
[BlackTeamCountry "BRA"]

1. d4 Nf6 2. Bg5 e6 3. Nf3 h6 4. Bxf6 Qxf6 5. e4 d6 6. Nc3 Qe7 7. Qd2 a6 8. a4
g5 9. h3 Bg7 10. g3 b6 11. Bg2 Bb7 12. O-O Nd7 13. Rfe1 Nf8 14. d5 Ng6 15. Nd4
O-O 16. Rad1 Rae8 17. Qe2 Bxd4 18. Rxd4 Bc8 19. Qh5 Kg7 20. Rf1 e5 21. Rd2 Bd7
22. Bf3 f5 23. exf5 Bxf5 24. Be4 Qd7 25. b3 Ne7 26. Kg2 Rf7 27. Re1 Ref8 28.
Nd1 Bxe4+ 29. Rxe4 Ng8 30. Re1 Nf6 31. Qe2 a5 32. Qc4 h5 33. Ne3 h4 34. Rh1 Kh8
35. g4 Ng8 36. Rf1 Rf3 37. Qe2 Qf7 38. Nf5 Rf4 39. f3 Nf6 40. Qd1 Rxf5 41. gxf5
Nh5 42. Qe1 Qxf5 43. Qe4 Nf4+ 44. Kf2 Qxh3 45. Ke1 Kg7 46. Rg1 Kh6 47. Qe3 Qf5
48. Kd1 Nh5 49. Rdg2 Ng3 50. Rxg3 hxg3 51. Rxg3 Kg6 52. Qg1 Qf4 53. c3 Rh8 54.
Kc2 e4 55. fxe4 Qxe4+ 56. Kb2 Qxd5 57. Qb1+ Qf5 58. Qe1 Rh2+ 59. Ka1 Qe5 60.
Re3 Qd5 61. Qb1+ Kg7 62. Re7+ Kf6 63. Rh7 Rxh7 64. Qxh7 Qxb3 65. Qxc7 Qxa4+ 66.
Kb2 Qb5+ 67. Kc2 Qc5 68. Qd8+ Kf5 69. Qh8 Qe5 70. Qd8 g4 71. Qxb6 g3 72. Qg1
Qe2+ 73. Kb3 g2 0-1

[Event "Paulista-chTB"]
[Site "Sao Paulo"]
[Date "2015.03.01"]
[Round "3.2"]
[White "Delgado Ramirez, Neuris"]
[Black "Barbosa, Fernando"]
[Result "1-0"]
[WhiteElo "2557"]
[BlackElo "2175"]
[PlyCount "55"]
[EventDate "2015.02.28"]
[EventType "team-tourn"]
[EventRounds "7"]
[EventCountry "BRA"]
[SourceTitle "EXT 2017"]
[Source "ChessBase"]
[SourceDate "2016.10.25"]
[SourceVersion "1"]
[SourceVersionDate "2016.10.25"]
[SourceQuality "1"]
[WhiteTeam "Sao Jose CDR-FIP"]
[BlackTeam "Sao Jose Em Cima da Hora"]
[WhiteTeamCountry "BRA"]
[BlackTeamCountry "BRA"]

1. e4 e6 2. d4 d5 3. Nd2 Nf6 4. e5 Nfd7 5. f4 c5 6. c3 Nc6 7. Ndf3 cxd4 8. cxd4
Qb6 9. a3 Be7 10. h4 h5 11. Ne2 a5 12. b3 Ndb8 13. Nc3 g6 14. Bd3 Bd7 15. Be3
Na6 16. O-O Nc7 17. Kh2 Kf8 18. Ng5 Ne8 19. Qb1 Kg7 20. Qb2 Bxg5 21. Na4 Qa7
22. fxg5 Nxe5 23. dxe5 Qxe3 24. Rf3 Qa7 25. Raf1 Rf8 26. Qe2 Nc7 27. Rf6 Ne8
28. Bxg6 1-0

[Event "Paulista-chTB"]
[Site "Sao Paulo"]
[Date "2015.03.07"]
[Round "5.2"]
[White "Delgado Ramirez, Neuris"]
[Black "Milos, Gilberto"]
[Result "1/2-1/2"]
[WhiteElo "2557"]
[BlackElo "2517"]
[PlyCount "52"]
[EventDate "2015.02.28"]
[EventType "team-tourn"]
[EventRounds "7"]
[EventCountry "BRA"]
[SourceTitle "EXT 2017"]
[Source "ChessBase"]
[SourceDate "2016.10.25"]
[SourceVersion "1"]
[SourceVersionDate "2016.10.25"]
[SourceQuality "1"]
[WhiteTeam "Sao Jose CDR-FIP"]
[BlackTeam "Pinheiros"]
[WhiteTeamCountry "BRA"]
[BlackTeamCountry "BRA"]

1. e4 c5 2. Nc3 d6 3. Nf3 Nf6 4. g3 Nc6 5. Bg2 g6 6. d3 Bg7 7. O-O O-O 8. h3
Rb8 9. Be3 b5 10. Qd2 b4 11. Nd1 c4 12. Nd4 Nxd4 13. Bxd4 cxd3 14. cxd3 Qd7 15.
b3 e5 16. Bb2 d5 17. Bxe5 Nxe4 18. Qb2 Bxe5 19. Qxe5 Qd6 20. Qd4 Qf6 21. Qxf6
Nxf6 22. Rc1 Ba6 23. Ne3 Rfc8 24. Rxc8+ Rxc8 25. Bxd5 Bxd3 26. Rd1 Rc3 1/2-1/2